Lógica Matemática Elemental
| Main Author: | |
|---|---|
| Format: | Section = Libro |
| Language: | Undetermined Spanish |
| Published: |
México
Esfinge
1999
|
| Subjects: |
| LEADER | 00537nam a2200205Ia 4500 | ||
|---|---|---|---|
| 008 | 241007s9999||||xx |||||||||||||| ||und|| | ||
| 020 | |a 970-647-395-5 | ||
| 040 | |a BIBLIOTECA-RURC/ 511.3 Z93 | ||
| 041 | |a spa | ||
| 082 | |a 511.3 Z93 | ||
| 100 | 1 | |a Zubieta R., Francisco | |
| 245 | 1 | 0 | |a Lógica Matemática Elemental |
| 260 | |a México |b Esfinge |c 1999 | ||
| 300 | |a 120p. :il. | ||
| 650 | 7 | |a PROPOSITO DE LA LOGICA | |
| 650 | 7 | |b LOGICA DE PROPOSICIONES | |
| 650 | 7 | |c LOGICA DE PREDICADOS | |
| 942 | |c BK |2 ddc | ||
| 991 | |a TEXTO | ||
| 999 | |c 14335 | ||